000 00317nam a2200133Ia 4500
005 20260328101508.0
008 260328s9999||||xx |||||||||||||| ||und||
100 _aGoujon, Nicolas
245 0 _aLe Mont St Michel /
_cNicolas Goujon
260 _bMarabout Scope
300 _a157 p.
650 _aHISTORIA
942 _cBK
999 _c9102
_d9102